00521nam a2200181 a 4500001001300000003000900013005001700022008004100039020001000080082001500090245007900105260004900184300000900233500003500242505001000277650002200287710003000309nice12345678IN_TiNIC20260116015217.0050524s1997 swia grp 000 0 eng  ac10000a269.2bLUT aOfficial Report Ofthe Ninth Assembly of the Lutheran World Federation Hong aSwitzerlandbLutheran World Federationc1997 a262p aincludes index and biblioraphy2 aIndex aEvangelistic Work2 aLutheran World Federation